All Borough (County) Seats in Alaska - Statistics

General Stats
  • This quiz has been taken 28 times
  • The average score is 9 of 12
Answer Stats
Borough Borough Seat % Correct
Fairbanks North Star Fairbanks
100%
Ketchikan Gateway Ketchikan
100%
Kodiak Island Kodiak
100%
Petersburg Petersburg
100%
North Slope Utqiagvik
100%
Northwest Arctic Kotzebue
80%
Matanuska-Susitna Palmer
80%
Kenai Peninsula Soldotna
70%
Denali Healy
50%
Lake and Peninsula King Salmon
40%
Aleutians East Sand Point
40%
Bristol Bay Naknek
30%
No matching quizzes found
Score Distribution
Percent of People with Each Score
Percentile by Number Answered
Your Score History
You have not taken this quiz